[Event "Porec CC-ch"]
[Site "Porec"]
[Date "2009.01.23"]
[Round "2"]
[White "Grbac, Ivica"]
[Black "Miljanovic, Zeljko"]
[Result "1-0"]
[WhiteElo "2021"]
[BlackElo "1916"]
[PlyCount "105"]
[EventDate "2009.01.20"]
[EventType "tourn"]
[EventRounds "9"]
[EventCountry "CRO"]
[SourceTitle "EXT 2010"]
[Source "ChessBase"]
[SourceDate "2010.11.25"]
[SourceVersion "1"]
[SourceVersionDate "2010.11.25"]
[SourceQuality "1"]

1. e4 e6 2. f4 d5 3. e5 c5 4. c3 Qa5 5. Nf3 Nc6 6. Na3 a6 7. Be2 Nh6 8. Nc2 Bd7 9. 0-0 Be7 10. d4 cxd4 11. Ncxd4 Rc8 12. Kh1 0-0 13. Nxc6 bxc6 14. Qd3 Ra8 15. b4 Qc7 16. Be3 c5 17. a3 Bb5 18. Qd2 Bxe2 19. Qxe2 Rfd8 20. Rfc1 Nf5 21. Bg1 Rdc8 22. Qe1 Qc6 23. Qd2 Qb5 24. g4 Nh6 25. h3 Qc4 26. Qe3 Rc7 27. a4 Qe4 28. Qxe4 dxe4 29. Nd2 cxb4 30. cxb4 Rd7 31. Nxe4 Bxb4 32. Rc4 Be7 33. Rac1 f5 34. exf6 gxf6 35. Rc8+ Rxc8 36. Rxc8+ Kf7 37. Ra8 Rd1 38. Rxa6 Ng8 39. Kg2 Re1 40. Ng3 Bb4 41. Bb6 Rb1 42. Ra7+ Ne7 43. a5 Rb2+ 44. Kf3 Rb3+ 45. Kf2 Rb2+ 46. Ne2 Rb1 47. a6 Ke8 48. Ra8+ Kf7 49. Bd4 Be1+ 50. Kg2 Ng6 51. Ra7+ Ke8 52. Bxf6 e5 53. Rb7 1-0